Prentice Hall nurse's drug guide, 2009 (Record no. 32456)

MARC details
000 -LEADER
fixed length control field 00940nam a2200241 a 4500
008 - FIXED-LENGTH DATA ELEMENTS--GENERAL INFORMATION
fixed length control field 110902s2009 ||||||||||||||||| || u
020 ## - INTERNATIONAL STANDARD BOOK NUMBER
International Standard Book Number 0135034280
050 ## - LIBRARY OF CONGRESS CALL NUMBER
Classification number RM 125 Pre
100 ## - MAIN ENTRY--PERSONAL NAME
Personal name Shannon, Margaret T
245 10 - TITLE STATEMENT
Title Prentice Hall nurse's drug guide, 2009
Statement of responsibility, etc. [edited by] Billie Ann Wilson; Margaret T. Shannon; Kelly M. Shields
250 ## - EDITION STATEMENT
Edition statement 2009 ed.
260 ## - PUBLICATION, DISTRIBUTION, ETC.
Place of publication, distribution, etc. Upper Saddle River, NJ:
Name of publisher, distributor, etc. Pearson Education, Prentice Hall
Date of publication, distribution, etc. 2009
300 ## - PHYSICAL DESCRIPTION
Extent xviii, 1772p.: ill.
350 ## -
-- 0.00
500 ## - GENERAL NOTE
General note Accompanied by a CD-ROM
650 ## - SUBJECT ADDED ENTRY--TOPICAL TERM
Topical term or geographic name entry element CHEMOTHERAPHY--HANDBOOKS, MANUALS, ETC
650 ## - SUBJECT ADDED ENTRY--TOPICAL TERM
Topical term or geographic name entry element DRUG THERAPY--NURSING--NURSES' INSTRUCTION
650 ## - SUBJECT ADDED ENTRY--TOPICAL TERM
Topical term or geographic name entry element DRUGS
650 ## - SUBJECT ADDED ENTRY--TOPICAL TERM
Topical term or geographic name entry element DRUGS--HANDBOOKS, MANUALS, ETC
700 ## - ADDED ENTRY--PERSONAL NAME
Personal name Wilson, Billie Ann
700 ## - ADDED ENTRY--PERSONAL NAME
Personal name Shields, Kelly M
995 ## -
-- REFERENCE BOOKS
-- 0.00
-- 900948
-- CBU-SCHOOL OF MEDICINE LIBRARY (Ndola)
-- 1
-- 0.00
-- RM 125 PRE
-- 1
-- REFERENCE
-- Nov 1, 2011
-- 900948
-- Reference Collection
999 ## -
-- 32456
-- 32456
Holdings
Withdrawn status Lost status Source of classification or shelving scheme Damaged status Not for loan Permanent Location Current Location Shelving location Date acquired Total Checkouts Full call number Barcode Date last seen Price effective from Koha item type
          CBU-SCHOOL OF MEDICINE LIBRARY, NDOLA. CBU-SCHOOL OF MEDICINE LIBRARY, NDOLA.   11/30/2022   RM 125 Pre 900948 11/30/2022 11/30/2022 MONOGRAPH